Phobias Quiz - Statistics

General Stats
  • This quiz has been taken 183 times
  • The average score is 13 of 14
Answer Stats
Question Answer % Correct
Claustrophobia is the fear of: Confined spaces
100%
Mysophobia is the fear of: Germs or dirt
100%
Arachnophobia is the fear of: Spiders
100%
Xenophobia is the fear of: Strangers or foreigners
100%
Nyctophobia is the fear of: Darkness
97%
Trypophobia is the fear of: Holes or patterns
97%
Acrophobia is the fear of: Heights
92%
Emetophobia is the fear of: Others vomiting
92%
Kouizaphobia is the fear of: Quizzes
92%
Eisoptrophobia is the fear of: Mirrors
89%
Ablutophobia is the fear of: Water or bathing
86%
Agoraphobia is the fear of: Open or crowded spaces
83%
Ophidiophobia is the fear of: Snakes
72%
Cynophobia is the fear of: Dogs
64%
No matching quizzes found
Score Distribution
Percent of People with Each Score
Percentile by Number Answered
Your Score History
You have not taken this quiz